| 000 | 01368cam a22003614a 4500 | ||
|---|---|---|---|
| 001 | 12408050 | ||
| 003 | OSt | ||
| 005 | 20150303174451.0 | ||
| 008 | 010515s2001 enka b 001 0 eng | ||
| 010 | _a 2001034455 | ||
| 020 | _a1852334967 (alk. paper) | ||
| 035 | _a(DNLM)101095919 | ||
| 040 |
_aDNLM/DLC _cDLC _dDLC |
||
| 042 | _apcc | ||
| 050 | 0 | 0 |
_aRC865 _b.S87 2001 |
| 060 | 1 | 0 |
_aWI 605 _bS961 2001 |
| 082 | 0 | 0 |
_aWI 605 S961 2001 _221 |
| 245 | 0 | 0 |
_aSurgical treatment of haemorrhoids / _cCharles Mann, ed. |
| 260 |
_aLondon ; _aNew York : _bSpringer, _cc2001. |
||
| 300 |
_ax, 179 p. : _bill. ; _c28 cm. |
||
| 504 | _aIncludes bibliographical references and index. | ||
| 650 | 0 |
_aHemorrhoids _xSurgery. _93124 |
|
| 650 | 0 |
_aHemorrhoids. _93125 |
|
| 650 | 1 | 2 |
_aHemorrhoids _xsurgery. _93126 |
| 650 | 2 | 2 |
_aHemorrhoids _xdiagnosis. _93127 |
| 650 | 2 | 2 |
_aHemorrhoids _xtherapy. _93128 |
| 700 | 1 |
_aMann, Charles V. _9857 |
|
| 856 | 4 | 2 |
_3Publisher description _uhttp://www.loc.gov/catdir/enhancements/fy0816/2001034455-d.html |
| 856 | 4 | 1 |
_3Table of contents only _uhttp://www.loc.gov/catdir/enhancements/fy0816/2001034455-t.html |
| 906 |
_a7 _bcbc _corignew _d1 _eocip _f20 _gy-gencatlg |
||
| 942 |
_2z _cSLOAN |
||
| 999 |
_c1144 _d1144 |
||